02818njm a2200409Ia 450000100060000000300090000600500170001500800410003204000130007304000130008699900190009999900090011810000160012710000250014310000430016824500110021125000110022226000090023326000630024230000170030550000390032250504410036165000610080270000830086370000870094670000950103370001640112870001310129270001700142370001140159370001160170770001100182370001270193370001020206094200120216295202340217426560IT-RoPAU20220918181132.0131025s9999 xx 000 0 und d aIT-RoPAU cIT-RoPAU c100718d100718 bn.d. aAA.VV.9794 eAutore musica915829 gCodice autore musica SPICS: 120009796 aS.O.S. a1a ed. aROMA bSPICS RECORDSc1985 [1a Ed.:1972 - Ed. Lingua Orig.: 1972] aMUSICASSETTA aMusica strumentale. Arrangiamento. aMinuetto - Adagio in sol min - Amadeus and the Banjo From 40Th Symphony - Save Our Souls From Jesus Joy of Man's Desiring - Magpie's Bagpipes From the Thieving Magpie - Fantasy Land From New World Symphony - Waterloo's Stamp From 5 Symphony - And the Shoes Fits. Ouv. From La Cenerentola - Grass Machine From La Primavera - Analising Three From Eine Kleine Nachmusik - Senn Thru the Ears of the Allelujah Chorus - Night On Bare Mountain aSTRUMENTALE [CASSETTE]eCodice MATERIA SPICS: 995191218 aMimms TonygCodice autore e interprete SPICS: 9968eAutore e interprete915830 aBoccherini LuigigCodice autore musica SPICS: 7898eAutore musicapMinuetto915831 aAlbinoni TomasogCodice autore musica SPICS: 7834eAutore musicapAdagio in sol min915832 aMozart Wolfgang AmadeusgCodice autore musica SPICS: 3486eAutore musicapCodice autore musica SPICS: 3486 - Analising Three From Eine Kleine Nachmusik915833 aBach Johann SebastiangCodice autore musica SPICS: 9695eAutore musicapSave Our Souls From Jesus Joy of Man's Desiring915834 aRossini GioachinogCodice autore musica SPICS: 11125eAutore musicapMagpie's Bagpipes From the Thieving Magpie - And the Shoes Fits. Ouv. From La Cenerentola915835 aDvorak AntoningCodice autore musica SPICS: 10772eAutore musicapFantasy Land From New World Symphony915836 aBeethoven Ludwig VangCodice autore musica SPICS: 10721eAutore musicapWaterloo's Stamp From 5 Symphony915837 aVivaldi AntoniogCodice autore musica SPICS: 11195eAutore musicapGrass Machine From La Primavera915838 aHandel Georg FriedrichgCodice autore musica SPICS: 5619eAutore musicapSenn Thru the Ears of the Allelujah Chorus915839 aMusorgskij ModestgCodice autore musica SPICS: 3431eAutore musicapNight On Bare Mountain915840 cMC2ddc 001040626560_00000000000000071aSPICSbSPICSd2013-10-25l0o26560r2013-10-25 00:00:00w2013-10-25yMCzProgr. Ins.: 6119 / N.Vol.: 1 / Copie: 1 - Copia rara: n.d. / date import: 01.01.2014 - By Epidotti, Trombetti, Vaglietti